LIBRARY ONLINE CATALOGUE

Multivariate Statistics Made Simple (Record no. 18673)

MARC details
000 -LEADER
fixed length control field 00451nam a22001577a 4500
008 - FIXED-LENGTH DATA ELEMENTS--GENERAL INFORMATION
fixed length control field 210106b xxu||||| |||| 00| 0 eng d
020 ## - INTERNATIONAL STANDARD BOOK NUMBER
International Standard Book Number 1138610958
050 ## - LIBRARY OF CONGRESS CALL NUMBER
Classification number QA278
Item number .S27 2019 c.1
100 ## - MAIN ENTRY--PERSONAL NAME
Personal name Sarma, KVS
245 ## - TITLE STATEMENT
Title Multivariate Statistics Made Simple
Remainder of title a practical approach
Statement of responsibility, etc. KVS Sarma
260 ## - PUBLICATION, DISTRIBUTION, ETC. (IMPRINT)
Place of publication, distribution, etc. London
Name of publisher, distributor, etc. CRC Press
Date of publication, distribution, etc. 2019
300 ## - PHYSICAL DESCRIPTION
Extent xvi, 242p.
650 ## - SUBJECT ADDED ENTRY--TOPICAL TERM
Topical term or geographic name as entry element Multivariate statistics
700 ## - ADDED ENTRY--PERSONAL NAME
Personal name R Vishnu Vardhan
942 ## - ADDED ENTRY ELEMENTS (KOHA)
Source of classification or shelving scheme Library of Congress Classification
Koha item type General Collection
Holdings
Withdrawn status Lost status Source of classification or shelving scheme Not for loan Home library Current library Date acquired Cost, normal purchase price Total Checkouts Full call number Barcode Date last seen Price effective from Koha item type Date last checked out
    Library of Congress Classification   Kabarak, Main Campus Kabarak, Main Campus 06/01/2021 7920.00   QA278 .S27 2019 c.1 030315 06/01/2021 06/01/2021 General Collection  
    Library of Congress Classification   Kabarak, Main Campus Kabarak, Main Campus 06/01/2021 7920.00 1 QA278 .S27 2019 c.2 030316 28/03/2022 06/01/2021 General Collection 26/03/2022
    Library of Congress Classification   Kabarak, Nakuru City Campus Kabarak, Nakuru City Campus 06/01/2021 7920.00   QA278 .S27 2019 c.1 030317 06/01/2021 06/01/2021 General Collection